000 00628nam a2200205 a 4500
001 000247901
003 AM-YeHGA
005 20250617124941.0
008 030625s1951 ai a||||||||||||||1|arm|d
040 _aAM-YeHGA
041 0 _aarm
100 1 _aԷմին, Գևորգ,
_d1919-1998
245 1 0 _aՇաքե /
_cԳ. Էմին ; Նկ.՝ Ք. Քոլոզյան.
260 _aԵրևան :
_bՀայպետհրատ,
_c1951.
300 _a44 էջ :
_bնկ. ;
_c27 սմ.
650 1 4 _aՀայ մանկական գրականություն
_xՊոեզիա
700 1 _aՔոլոզյան, Ք.
_eնկ.
_4art
942 _2udc
_cBK
090 _c89899
999 _c88613
_d88613